Real estate financing desk book

Bibliographic Details
Main Author: Bagby, Joseph R. (Author)
Format: Book
Language:English
Published: Englewood Cliffs, N.J. : Institute for Business Planning, Inc 1981
Edition:Third edition
Subjects:

MARC

LEADER 00000cam a2200000 7i4500
001 0000005581
005 20240913.0
008 240503 nju eng
020 |a 0876244932 (hardback) 
040 |a INS   |b eng   |e rda 
090 0 0 |a RHD255   |b .B33 1981 
100 1 |a Bagby, Joseph R. ,   |e author 
245 1 0 |a Real estate financing desk book   |c Joseph R. Bagby 
250 |a Third edition 
264 1 |a Englewood Cliffs, N.J. :   |b Institute for Business Planning, Inc   |c 1981 
264 4 |c ©1981 
300 |a xviii, 454 pages ;   |c 23 cm. 
336 |a text  |2 rdacontent 
337 |a unmediated  |2 rdamedia 
338 |a volume  |2 rdacarrier 
500 |a Includes index 
650 0 |a Real property   |x Manuals 
999 |a 0000000172   |b BOOK   |c Red Spot   |e Default branch